00287nam a2200109Ia 4500008004100000100002300041245001600064260000900080300003300089440002400122650003100146180117s9999 xx 000 0 und d aby Beth Day Romulo aAnother Day c2017 a22-24 pages, 2017 January 22 aPhilippine Panorama aSUGAR IS REALLY BAD FOR US